| 000 | 00875nam a22001817a 4500 | ||
|---|---|---|---|
| 999 |
_c59642 _d59642 |
||
| 003 | Ge_BSU | ||
| 005 | 20230328103136.0 | ||
| 008 | 230328s2022 ge ||||| |||| 00| 0 geo d | ||
| 041 | _ageo | ||
| 080 | _a94(479.223):929(479.22) ა-14 | ||
| 100 |
_aაბაშიძე, შალვა _913018 |
||
| 245 |
_aდედაო - ჩემო ქედაო : _b(ქედის ისტორია 1921 წლიდან დღემდე). [მონოგრაფია]. ნაწილი 2 / _cშალვა აბაშიძე ; მთ. რედაქტორი თამაზ აბულაძე. |
||
| 264 |
_a[თბილისი]: _b[საჩინო], _c2022. |
||
| 300 |
_a515 გვ.: _bსურ.; _c30 სმ. |
||
| 653 | _aქედის ისტორია | ||
| 700 |
_aაბაშიძე, შალვა _913018 |
||
| 942 |
_2udc _cBK |
||